| 000 | 00334nam a22001337a 4500 | ||
|---|---|---|---|
| 008 | 250428b |||||||| |||| 00| 0 eng d | ||
| 020 | _a0140094725 | ||
| 050 |
_aPJ 5191 _b.P46 |
||
| 100 | _aHowe Irving | ||
| 245 | _aThe Penguin Book Of Modern Yiddish Verse | ||
| 260 |
_aU S A _bVicking Penguin _c1987 |
||
| 300 | _a719p. | ||
| 942 | _cBK | ||
| 999 |
_c3225 _d3225 |
||